Rozpoznawanie rzek - Statystyki

Ogólne statystyki
  • Ten quiz został rozwiązany 42 razy
  • Średni wynik to 8 z 10
Statystyki odpowiedzi
państwa przez które przepływa długość (w km) nazwa rzeki % Poprawnych
Peru, Kolumbia, Brazylia 6400 Amazonka
97%
Niemcy, Austria, Słowacja, Węgry, Chorwacja, Serbia, Bułgaria, Rumunia, Ukraina, Mołdawia 2860 Dunaj
97%
Demokratyczna Republika KongaKongo, Angola 4700 Kongo
90%
Burundi, Rwanda, Tanzania, Uganda, Sudan Południowy, Sudan, Egipt 6650 Nil
90%
Chiny 6300 I 5464 I 2129 Jangcy I Huang He IXi Jiang
86%
Rosja, Białoruś, Ukraina 2285 Dniepr
76%
Gwinea, Mali, Niger, Benin, Nigeria 4160 Niger
76%
Rosja, Kazachstan 3530 I 2428 Wołga I Ural
76%
Indie, Nepal, Bangladesz 2510 Ganges
66%
Turcja, Syria, Irak 1900 I 2781 Tygrys I Eufrat
66%
Nie znaleziono quizów pasujących do podanych kryteriów
Rozkład punktacji
Procent ludzi z każdym wynikiem
Percentyl według liczby udzielonych odpowiedzi
Twoja historia wyników
Nie rozwiązałeś tego quizu